1869 1592 1809 1481 1628 1899 1446 1527 1787 1282 1607 1987 1399 1642 1550 1550 1055 1795 1769 1773 1799 1588 1640 1507 1384 1331 1012 1990 1579 1905 1623 1547 1596 1543 1617 1763 1988 1660 1466 1053 1955 1841 1703 1379 1463 1411 1739 1765 1299 1700 1623 1331 1813 1237 1157 1128 1676 1079 1800 1661 1742 1349 1029 1816 1421 1245 1979 1655 1568 1070 1183 1838 1168 1237 1375 1231 1971 1599 1694 1328 1931 1158 1150 1701 1706 1443 1971 1748 1197 1108 1885 1690 1920 1855 1703 1728 1757 1543 1699 BCNSPRNW ULIB Ver.6.0+V

เปลี่ยนเป็นภาษาไทย

Change to English
 แสดงรายละเอียดบรรณานุกรม
  กลับหน้าหลัก

Brief Record : Get Marc (ISO 2709) : E-mail record : QR code < ปิดหน้าต่าง
LEADER : 00000nam 2200000uu 4500
001    13399112065
003     ULIB
008    110627s2552||||th 000 0 tha d
020    9786117002014
090    นว.^bช245ม 2552
100 0  ชลาลัย
245 00 เมียนอกหัวใจ/^cชลาลัย
250    พิมพ์ครั้งที่ 1
260    กรุงเทพฯ :^bSugar Beat,^c2552
300    336 หน้า
710 1  Sugar Beat
945    ^p220^l0^i026023
995    ทศพร
999 ^a ใช้งานได้ทุกระบบ
รายการนี้ยังไม่มีแท็ก
คุณยังไม่ได้ล็อกอิน คุณสามารถมีกิจกรรมร่วมกับเว็บไซต์ได้ แต่ต้องล็อกอินก่อน ::
  ล็อกอิน

รายการสื่อสารสนเทศ

ลำดับที่ ประเภท เลขเรียก/บาร์โค้ด สถานที่ สถานะ
- ไม่พบข้อมูล -

รายการใกล้เคียง
    ผู้แต่ง [ชลาลัย]

BibComment


ยังไม่เคยถูกคอมเมนท์

คอมเมนท์ทรัพยากรรายการนี้
  คอมเมนท์: เมียนอกหัวใจ ชลาลัย


 Copyright 2026. Bcnsprnw @Library